UBT Library

Applied dynamics of manipulation robots : (Record no. 1131)

000 -LEADER
fixed length control field 00633nam a22002057a 4500
008 - FIXED-LENGTH DATA ELEMENTS--GENERAL INFORMATION
fixed length control field 150721b xxu||||| |||| 00| 0 eng d
020 ## - INTERNATIONAL STANDARD BOOK NUMBER
International Standard Book Number 3540514686
020 ## - INTERNATIONAL STANDARD BOOK NUMBER
International Standard Book Number 0387514686
020 ## - INTERNATIONAL STANDARD BOOK NUMBER
International Standard Book Number 3540514686
041 0# - LANGUAGE CODE
Language code of text/sound track or separate title eng
080 ## - UNIVERSAL DECIMAL CLASSIFICATION NUMBER
Universal Decimal Classification number 007:52
100 1# - Rafti
Rafti Vukobratović, Miomir.
245 10 - TITLE STATEMENT
Title Applied dynamics of manipulation robots :
Statement of responsibility, etc Miomir Vukobratović.
260 ## -
-- Berlin ;
-- New York :
-- Springer-Verlag,
-- c1989.
300 ## -
-- xiv, 471 f.
-- me il. ;
-- 25 cm.
500 ## -
-- Preface : f. [V]-XI
505 ## -
-- Subject Index: f.468-471
650 #0 -
-- Robotika
-- Dinamika
942 ## - ADDED ENTRY ELEMENTS (KOHA)
Source of classification or shelving scheme
Item type Books
Holdings
Withdrawn status Lost status Source of classification or shelving scheme Damaged status Not for loan Collection code Permanent location Current location Shelving location Date acquired Total Checkouts Full call number Date last seen Price effective from Koha item type
          Koleksioni i përgjithshem UBT - Prishtine UBT - Prishtine Koleksioni i përgjithshem 07/21/2015   007 : 52 VUK 07/21/2015 07/21/2015 Books
UBT Library © 2015-2024. All rights reserved University Education for Business and Technology